Countries by Largest University - Statistics

General Stats
  • This quiz has been taken 59 times
  • The average score is 7 of 10
Answer Stats
University Enrollment Country % Correct
California Community Colleges System 2,133,846 United States
94%
Indira Gandhi National Open University 7,140,000+ India
87%
National Technological Institute of Mexico 620,000 Mexico
74%
Allama Iqbal Open University 3,305,948 Pakistan
70%
Universitas Terbuka 646,467 Indonesia
69%
National University, Bangladesh 2,097,182 Bangladesh
61%
Anadolu University 1,974,343 Turkey
59%
Islamic Azad University 1,000,000 Iran
57%
Ramkhamhaeng University 525,000 Thailand
54%
Tribhuvan University 604,437 Nepal
26%
No matching quizzes found
Score Distribution
Percent of People with Each Score
Percentile by Number Answered
Your Score History
You have not taken this quiz